[Event "26th EUR-ch"]
[Site "Katowice POL"]
[Date "2026.04.12"]
[Round "5.154"]
[White "Zakin, Lior"]
[Black "Nakonechnyi, Oleksii"]
[Result "0-1"]
[WhiteElo "1986"]
[BlackElo "2296"]
[EventDate "2026.04.07"]
[PlyCount "120"]

1.e4 c5 2.Nf3 g6 3.c4 Nc6 4.d4 cxd4 5.Nxd4 Nf6 6.Nc3 d6 7.Be2 Bg7 8.Be3 
Nxd4 9.Bxd4 O-O 10.O-O Bd7 11.Rc1 Bc6 12.f3 a5 13.b3 Nd7 14.Bxg7 Kxg7 15.
Qd4+ f6 16.f4 Qb6 17.Qxb6 Nxb6 18.Kf2 f5 19.Ke3 fxe4 20.Nxe4 a4 21.b4 a3 
22.Ng5 Rf6 23.b5 Bd7 24.Rc3 h6 25.Nf3 Be6 26.Nd4 Bg8 27.Rfc1 Ra4 28.g3 Rf8
29.f5 gxf5 30.Bd3 e6 31.g4 fxg4 32.Be4 d5 33.cxd5 exd5 34.Rc7+ Rf7 35.
Rxf7+ Bxf7 36.Bc2 Rc4 37.Rg1 h5 38.Nf5+ Kf6 39.Rf1 Ke5 40.Bd3 Rc3 41.Kd2 
Rxd3+ 42.Kxd3 Bg6 43.Re1+ Kf6 44.Kd4 Bxf5 45.Kc5 Nc4 46.Kxd5 Nd2 47.b6 
Be4+ 48.Kd6 Bf3 49.Kc7 h4 50.Re8 g3 51.hxg3 hxg3 52.Rg8 g2 53.Rg3 Kf5 54.
Rg8 Kf4 55.Kb8 Bg4 56.Kxb7 g1=Q 57.Rf8+ Ke5 58.Ka8 Bf3+ 59.Rxf3 Qg8+ 60.
Ka7 Nxf3 0-1

[Event "26th EUR-ch"]
[Site "Katowice POL"]
[Date "2026.04.12"]
[Round "5.155"]
[White "Zuqanov, Ali"]
[Black "Lymar, Vladislav"]
[Result "0-1"]
[WhiteElo "2015"]
[BlackElo "2289"]
[EventDate "2026.04.07"]
[PlyCount "103"]

1.e4 c5 2.Nf3 Nc6 3.Bb5 e6 4.O-O Nge7 5.Re1 Nd4 6.Nxd4 cxd4 7.c3 a6 8.Bf1 
Nc6 9.b4 Bd6 10.a4 O-O 11.Bb2 dxc3 12.dxc3 Qc7 13.g3 b6 14.Na3 Be7 15.Bg2 
Bb7 16.f4 Rfd8 17.Qb3 d5 18.Rad1 dxe4 19.Bxe4 Bf6 20.Qc4 Rac8 21.b5 axb5 
22.axb5 Rxd1 23.Rxd1 Na5 24.Qxc7 Rxc7 25.Bxb7 Nxb7 26.Nc2 h5 27.Ne3 Rc5 
28.Ba1 Bxc3 29.Bxc3 Rxc3 30.Kf2 Rc5 31.Rb1 Nd6 32.h3 Ne4+ 33.Kg2 Rc3 34.
Nf1 Rc2+ 35.Kg1 Nc3 36.Rb3 Ne2+ 37.Kh1 h4 38.Rf3 Nxg3+ 39.Nxg3 hxg3 40.f5 
exf5 41.Rxf5 Rh2+ 42.Kg1 Rxh3 43.Kg2 Rh4 44.Kxg3 Rb4 45.Kf3 f6 46.Rd5 Kf7 
47.Rd7+ Kg6 48.Rd5 Kf7 49.Rd7+ Kf8 50.Rd5 Ke7 51.Ke3 Ke6 52.Rh5 0-1

[Event "26th EUR-ch"]
[Site "Katowice POL"]
[Date "2026.04.12"]
[Round "5.156"]
[White "Rozhok, Oleksii"]
[Black "Rekuc, Patryk"]
[Result "0-1"]
[WhiteElo "1979"]
[BlackElo "2280"]
[EventDate "2026.04.07"]
[PlyCount "146"]

1.e4 c5 2.Nf3 d6 3.d4 cxd4 4.Nxd4 Nf6 5.Nc3 a6 6.g3 e5 7.Nb3 Be7 8.Bg2 b5 
9.O-O Bb7 10.a4 b4 11.Nd5 Nxd5 12.exd5 a5 13.Bd2 O-O 14.c3 Na6 15.c4 Rb8 
16.Be3 Bc8 17.Qe2 Qc7 18.Rfd1 Bd7 19.Bf1 Rfe8 20.Qd2 Bd8 21.h3 Bf6 22.c5 
Nxc5 23.Nxc5 dxc5 24.Rac1 Bxa4 25.Rxc5 Qd7 26.Ra1 Bd8 27.d6 Re6 28.Qd5 
Rxd6 29.Qxe5 Bf6 30.Qf4 Rd8 31.Rxa5 Bc6 32.Qxb4 Qe6 33.Ra6 Qd5 34.Rxc6 
Qxc6 35.Ra6 Qd5 36.Rxd6 Qxd6 37.Qxd6 Rxd6 38.b4 Bd4 39.Bxd4 Rxd4 40.b5 h5 
41.h4 Kf8 42.Kg2 Ke7 43.Kf3 Kd6 44.Ke3 Rb4 45.Kf3 Ke5 46.Kg2 Kd4 47.Be2 g6
48.Kf3 Rb3+ 49.Kg2 Kc3 50.Bf1 Rb4 51.Be2 Kd2 52.Bf1 Ke1 53.Bd3 Rd4 54.Bf1 
f5 55.Kg1 Rb4 56.Bd3 Kd2 57.Bf1 Ke1 58.Bd3 Rd4 59.Bf1 Rb4 60.Bd3 Kd2 61.
Bf1 Kd1 62.Bd3 Ke1 63.Bf1 f4 64.Bd3 fxg3 65.f3 Rxh4 66.Bxg6 Rh1+ 67.Kg2 h4
68.Bf5 Rh2+ 69.Kg1 Rb2 70.Bd7 Ke2 71.Kg2 Ke3+ 72.Kh3 g2 73.Kh2 Kf2 0-1

[Event "26th EUR-ch"]
[Site "Katowice POL"]
[Date "2026.04.12"]
[Round "5.157"]
[White "Liskiewicz, Jakub"]
[Black "Ilgililer, Bertug"]
[Result "1-0"]
[WhiteElo "2280"]
[BlackElo "1996"]
[EventDate "2026.04.07"]
[PlyCount "105"]

1.d4 d5 2.Bg5 Nf6 3.e3 Bf5 4.c4 c6 5.Qb3 Qb6 6.Nc3 Qxb3 7.axb3 e6 8.c5 
Nbd7 9.b4 Be7 10.b5 O-O 11.bxc6 bxc6 12.b4 h6 13.Bh4 a6 14.Nf3 Rfb8 15.Ra4
Bc2 16.Rxa6 Rxa6 17.Bxa6 Rxb4 18.Kd2 Bf5 19.Ra1 Rb2+ 20.Ke1 g5 21.Bg3 Ne4 
22.Nxe4 Bxe4 23.Bc8 Nxc5 24.dxc5 Bxc5 25.Be5 Bb4+ 26.Kf1 Bd3+ 27.Kg1 Rb1+ 
28.Rxb1 Bxb1 29.Bd7 c5 30.Bd6 Kg7 31.Be7 Bf5 32.Nd4 cxd4 33.Bxb4 dxe3 34.
fxe3 Be4 35.Bc3+ Kg6 36.Be8 h5 37.Kf2 h4 38.Bb2 g4 39.Bc3 Bf5 40.Kg1 Be4 
41.Be1 h3 42.gxh3 gxh3 43.Bc3 Bf3 44.Kf2 Bh5 45.Bb5 Kg5 46.Kg3 f6 47.Kxh3 
e5 48.Bd3 d4 49.exd4 Kf4 50.d5 e4 51.Bb5 e3 52.d6 Kf3 53.Kh4 1-0

[Event "26th EUR-ch"]
[Site "Katowice POL"]
[Date "2026.04.12"]
[Round "5.158"]
[White "Szakmary, Domonkos"]
[Black "Namyslak, Piotr"]
[Result "1-0"]
[WhiteElo "2278"]
[BlackElo "1953"]
[EventDate "2026.04.07"]
[PlyCount "65"]

1.e4 e6 2.d4 d5 3.Nc3 dxe4 4.Nxe4 Bd7 5.Nf3 Bc6 6.Qd3 Nd7 7.Bf4 Bxe4 8.
Qxe4 c6 9.O-O-O Ngf6 10.Qd3 Be7 11.h4 Nd5 12.Bd2 b5 13.Ne5 Nxe5 14.dxe5 
Qb6 15.Qg3 O-O-O 16.Bd3 g6 17.Qf3 f5 18.exf6 Bxf6 19.Qg4 Kb7 20.f3 Ne3 21.
Bxe3 Qxe3+ 22.Kb1 Rd4 23.Rde1 Rxg4 24.Rxe3 Rxg2 25.Rxe6 Bxh4 26.a4 Bf2 27.
Be4 h5 28.axb5 h4 29.bxc6+ Kc7 30.Re7+ Kd6 31.Rd7+ Ke6 32.Bd5+ Kf6 33.f4 
1-0

[Event "26th EUR-ch"]
[Site "Katowice POL"]
[Date "2026.04.12"]
[Round "5.159"]
[White "Ciborowski, Konrad jr"]
[Black "Szczurek, Krzysztof"]
[Result "0-1"]
[WhiteElo "1948"]
[BlackElo "2273"]
[EventDate "2026.04.07"]
[PlyCount "100"]

1.d4 Nf6 2.Nc3 d5 3.Bf4 a6 4.e3 c5 5.dxc5 e6 6.Na4 Nbd7 7.b4 Be7 8.Nf3 Ne4
9.Rc1 b5 10.cxb6 Nxb6 11.c3 Bd7 12.Nxb6 Qxb6 13.Nd2 Nd6 14.Bd3 a5 15.a3 
axb4 16.axb4 Bb5 17.Qe2 Bxd3 18.Qxd3 Qb5 19.Qe2 Qxe2+ 20.Kxe2 Nb5 21.Rc2 
O-O 22.Rhc1 f6 23.Rb2 Rfc8 24.c4 e5 25.Bg3 dxc4 26.Rxc4 Rd8 27.f4 exf4 28.
Bxf4 Ra3 29.Bc7 Rd5 30.Bb6 Nc3+ 31.Kf3 Na4 32.Rc8+ Kf7 33.Nc4 Rc3 34.Ra2 
Rxc4 35.Rxc4 Nxb6 36.Rc7 Rf5+ 37.Ke4 Re5+ 38.Kd4 Nd5 39.Rc8 Nxb4 40.Rb2 
Re6 41.Rc7 Nc6+ 42.Kd5 Ne5 43.Rb8 Ng6 44.Rb3 Nh4 45.g4 Re5+ 46.Kc4 Re4+ 
47.Kd3 Rxg4 48.Ke2 Rg2+ 49.Kf1 Rxh2 50.Rbb7 Ng6 0-1

[Event "26th EUR-ch"]
[Site "Katowice POL"]
[Date "2026.04.12"]
[Round "5.160"]
[White "Musial, Igor"]
[Black "Olbrycht, Hubert"]
[Result "1-0"]
[WhiteElo "2270"]
[BlackElo "1940"]
[EventDate "2026.04.07"]
[PlyCount "105"]

1.e4 c5 2.Nf3 d6 3.d4 cxd4 4.Nxd4 Nf6 5.Nc3 a6 6.Be2 e5 7.Nb3 Be7 8.O-O 
O-O 9.Qd3 Be6 10.Bd2 Nbd7 11.Nd5 Bxd5 12.exd5 Ne8 13.Na5 Rb8 14.c4 f5 15.
b4 e4 16.Qa3 Bg5 17.Bxg5 Qxg5 18.f4 exf3 19.Bxf3 Ne5 20.c5 Nf6 21.c6 bxc6 
22.dxc6 Qh4 23.Rfd1 Nxf3+ 24.Qxf3 Qxb4 25.Qb3+ Qxb3 26.axb3 d5 27.Nb7 Ra8 
28.Rac1 Rfc8 29.Nd6 Rc7 30.Nxf5 Rb8 31.Nd4 Rb6 32.Ra1 Ne4 33.Rdc1 Nd6 34.
Rc5 Nb5 35.Rxa6 Rxa6 36.Rxb5 Raxc6 37.Nxc6 Rxc6 38.Rxd5 Rc1+ 39.Kf2 Rc2+ 
40.Ke3 Rxg2 41.Rd2 Rg6 42.Kd4 Rb6 43.Rb2 Kf7 44.Kc5 Rb8 45.b4 g5 46.b5 h5 
47.b6 g4 48.Kc6 Kg6 49.Rb5 h4 50.b7 g3 51.hxg3 h3 52.Kc7 h2 53.Rb1 1-0

[Event "26th EUR-ch"]
[Site "Katowice POL"]
[Date "2026.04.12"]
[Round "5.161"]
[White "Petrovic, Aleksa"]
[Black "Ioannidis, Evgenios"]
[Result "1/2-1/2"]
[WhiteElo "2178"]
[BlackElo "2487"]
[EventDate "2026.04.07"]
[PlyCount "75"]

1.Nf3 d5 2.g3 g6 3.Bg2 Bg7 4.d4 Nf6 5.O-O O-O 6.c4 Nc6 7.b3 Be6 8.Na3 Ne4 
9.Bb2 f5 10.e3 a6 11.Qe2 g5 12.Ne1 Bf7 13.cxd5 Bxd5 14.f3 Nd6 15.Rd1 Qe8 
16.Nec2 Qg6 17.Rfe1 g4 18.fxg4 Be4 19.gxf5 Bxf5 20.Rf1 Bg4 21.Bf3 Bh3 22.
Bg2 Bg4 23.Bf3 Rxf3 24.Rxf3 Nf7 25.Rdf1 Ng5 26.Rf8+ Rxf8 27.Rxf8+ Bxf8 28.
Qxg4 h5 29.Qe2 e6 30.Ne1 Qe4 31.Qxh5 Qxe3+ 32.Kf1 Ne4 33.Qg6+ Kh8 34.Qh5+ 
Kg8 35.Qg6+ Kh8 36.Qh5+ Kg8 37.Qg6+ Kh8 38.Qh5+ 1/2-1/2

[Event "26th EUR-ch"]
[Site "Katowice POL"]
[Date "2026.04.12"]
[Round "5.162"]
[White "Culum, Sanjin"]
[Black "Bachor, Tomasz"]
[Result "1-0"]
[WhiteElo "2460"]
[BlackElo "2178"]
[EventDate "2026.04.07"]
[PlyCount "81"]

1.e4 c5 2.Nf3 e6 3.d4 cxd4 4.Nxd4 Nf6 5.Nc3 d6 6.Be3 a6 7.a3 b5 8.g4 Bb7 
9.Bg2 Nfd7 10.g5 Qc7 11.f4 Nc6 12.f5 Nxd4 13.Qxd4 Ne5 14.O-O-O exf5 15.
Rhg1 f4 16.Bxf4 Be7 17.Bh3 O-O 18.Rg3 Rfe8 19.Nd5 Bxd5 20.Qxd5 Bf8 21.Bxe5
dxe5 22.Bd7 Red8 23.g6 hxg6 24.Rc3 Qxd7 25.Qxd7 Rxd7 26.Rxd7 f5 27.Rdc7 
Rd8 28.Rc8 Rd4 29.Ra8 Rd6 30.Rcc8 Rf6 31.Kd2 f4 32.h4 a5 33.Ke2 f3+ 34.Kf2
a4 35.b3 Rf4 36.bxa4 bxa4 37.Rxa4 g5 38.hxg5 Kh7 39.Rc3 Kg6 40.Rxf3 Bc5+ 
41.Kg3 1-0

[Event "26th EUR-ch"]
[Site "Katowice POL"]
[Date "2026.04.12"]
[Round "5.163"]
[White "Sanikidze, Tornike"]
[Black "Latzke, Boris"]
[Result "1-0"]
[WhiteElo "2432"]
[BlackElo "2173"]
[EventDate "2026.04.07"]
[PlyCount "49"]

1.Nf3 Nf6 2.g3 d5 3.Bg2 c6 4.c4 Bg4 5.Ne5 Be6 6.cxd5 Bxd5 7.Nf3 c5 8.Nc3 
Bc6 9.O-O e6 10.Qc2 Nbd7 11.e4 e5 12.d3 Bd6 13.Nh4 O-O 14.Nf5 Bc7 15.Bg5 
Re8 16.Nd5 Bxd5 17.exd5 Rb8 18.d6 Bb6 19.Qc4 h6 20.Bh4 Rf8 21.f4 Kh7 22.
Rae1 exf4 23.Qxf4 c4+ 24.d4 Ba5 25.Re7 1-0

[Event "26th EUR-ch"]
[Site "Katowice POL"]
[Date "2026.04.12"]
[Round "5.164"]
[White "Makkar, Rajat"]
[Black "Kulich, Filip"]
[Result "1-0"]
[WhiteElo "2422"]
[BlackElo "2171"]
[EventDate "2026.04.07"]
[PlyCount "93"]

1.d4 Nf6 2.c4 e6 3.Nf3 b6 4.g3 Ba6 5.Nbd2 d5 6.cxd5 exd5 7.Bg2 Be7 8.O-O 
O-O 9.Ne5 Bb7 10.Ndc4 Nbd7 11.Bf4 Nxe5 12.Nxe5 c5 13.Rc1 Nh5 14.Be3 Rc8 
15.dxc5 Bxc5 16.Bd4 Nf6 17.e3 Qe7 18.Qa4 a5 19.Rfd1 Rfd8 20.Nd3 Ne4 21.
Nxc5 bxc5 22.Bc3 Bc6 23.Qa3 a4 24.Ba5 Re8 25.Be1 Qe5 26.f3 Nd6 27.Qxc5 Bb5
28.Qd4 Rxc1 29.Rxc1 Qxe3+ 30.Qxe3 Rxe3 31.Bb4 Nc4 32.Kf2 Re6 33.b3 axb3 
34.axb3 Nb6 35.Rc5 Ba6 36.Ra5 Bd3 37.Ra2 Rc6 38.Ke3 Bg6 39.Kd4 Bf5 40.Bc5 
Bd7 41.Bxb6 h6 42.Bc5 Rc8 43.f4 Rd8 44.b4 Bb5 45.Ra5 Bc4 46.b5 Re8 47.Bxd5
1-0

[Event "26th EUR-ch"]
[Site "Katowice POL"]
[Date "2026.04.12"]
[Round "5.165"]
[White "Tirpan, Ceren"]
[Black "Kuegel, Tobias"]
[Result "1/2-1/2"]
[WhiteElo "2167"]
[BlackElo "2398"]
[EventDate "2026.04.07"]
[PlyCount "138"]

1.c4 Nf6 2.Nc3 g6 3.g3 Bg7 4.Bg2 O-O 5.d3 c6 6.e4 d6 7.Nge2 Bd7 8.O-O Qc8 
9.b3 Bh3 10.Bb2 Bxg2 11.Kxg2 e6 12.d4 b5 13.cxb5 cxb5 14.Nxb5 Nxe4 15.f3 
Qd7 16.Qd3 a6 17.Na3 Nc5 18.Qd2 Nb7 19.Nc4 Ra7 20.Rfd1 Re8 21.Rac1 Qd8 22.
Rc2 Nc6 23.d5 exd5 24.Bxg7 Kxg7 25.Qxd5 Nb4 26.Qd4+ Qf6 27.Qxf6+ Kxf6 28.
Rcd2 d5 29.Nb6 Nd6 30.Nf4 d4 31.Rxd4 Nf5 32.Nbd5+ Nxd5 33.Nxd5+ Kg7 34.
R4d2 Rd7 35.Kf2 Red8 36.Rd3 Rc8 37.R1d2 h5 38.a4 a5 39.Ne3 Rxd3 40.Nxf5+ 
gxf5 41.Rxd3 Rc2+ 42.Kg1 Rb2 43.Rd5 Rxb3 44.Rxf5 Kg6 45.Rxa5 Rxf3 46.Kg2 
Ra3 47.Kh3 Ra2 48.Ra8 f5 49.a5 h4 50.a6 hxg3 51.hxg3 Ra4 52.Kg2 Ra3 53.Kf2
Kg7 54.a7 Ra2+ 55.Kf3 Ra3+ 56.Kf4 Ra4+ 57.Kxf5 Ra1 58.g4 Ra2 59.Kg5 Ra1 
60.Kh5 Ra2 61.g5 Ra1 62.g6 Ra2 63.Kg5 Ra1 64.Kf5 Ra2 65.Ke6 Ra1 66.Rd8 
Ra6+ 67.Rd6 Rxa7 68.Rd7+ Rxd7 69.Kxd7 Kxg6 1/2-1/2

[Event "26th EUR-ch"]
[Site "Katowice POL"]
[Date "2026.04.12"]
[Round "5.166"]
[White "Chojnacki, Slawomir"]
[Black "Hulka, Valentyn"]
[Result "0-1"]
[WhiteElo "2166"]
[BlackElo "2372"]
[EventDate "2026.04.07"]
[PlyCount "98"]

1.d4 d5 2.Bf4 c5 3.e3 Nc6 4.c3 Qb6 5.Qb3 c4 6.Qc2 e5 7.dxe5 Bf5 8.Qc1 g5 
9.Bg3 h5 10.h3 Bg7 11.Nf3 Bg6 12.Nbd2 g4 13.hxg4 hxg4 14.Rxh8 Bxh8 15.Nd4 
Nxe5 16.Bxe5 Bxe5 17.g3 Bxd4 18.cxd4 Rc8 19.Qc3 Qd6 20.Be2 Nf6 21.a4 Bf5 
22.Qa3 Qxa3 23.Rxa3 b6 24.Ra1 a6 25.Nb1 Kd7 26.Nc3 Rh8 27.Kd2 Rh2 28.Rf1 
Be4 29.Ke1 Bf3 30.e4 Bxe4 31.Nxe4 Nxe4 32.Bxg4+ Kc6 33.Bf5 b5 34.axb5+ 
axb5 35.Bxe4 dxe4 36.Kd2 Kd5 37.Ke3 f5 38.Kf4 b4 39.Kxf5 e3 40.fxe3 Rxb2 
41.e4+ Kxd4 42.e5 Re2 43.e6 b3 44.g4 b2 45.g5 c3 46.g6 c2 47.g7 b1=Q 48.
Rf4+ Kc5 49.Kf6 c1=Q 0-1

[Event "26th EUR-ch"]
[Site "Katowice POL"]
[Date "2026.04.12"]
[Round "5.167"]
[White "Bittner, Titus"]
[Black "Krawczyk, Flawian"]
[Result "0-1"]
[WhiteElo "2162"]
[BlackElo "2329"]
[EventDate "2026.04.07"]
[PlyCount "76"]

1.e4 c5 2.c3 d5 3.exd5 Nf6 4.Bb5+ Nbd7 5.d4 cxd4 6.Qxd4 a6 7.Be2 Qa5 8.Nf3
Qxd5 9.O-O Qxd4 10.Nxd4 e5 11.Nc2 Be7 12.c4 O-O 13.Nc3 Nc5 14.Bg5 Ne6 15.
Be3 Nf4 16.Bxf4 exf4 17.Rad1 Rb8 18.Nd4 Rd8 19.Bf3 g5 20.Nd5 Nxd5 21.Bxd5 
Bf6 22.b4 Bd7 23.Rd3 Re8 24.c5 Rbd8 25.f3 Ba4 26.Nf5 Bb5 27.Rfd1 Bxd3 28.
Rxd3 Be5 29.Kf2 Rd7 30.Be4 Rxd3 31.Bxd3 Bc3 32.a3 Bb2 33.Be4 Bxa3 34.Nd6 
Re7 35.Nxb7 Bxb4 36.c6 a5 37.Bc2 Kg7 38.Bf5 a4 0-1

[Event "26th EUR-ch"]
[Site "Katowice POL"]
[Date "2026.04.12"]
[Round "5.168"]
[White "Grebeniuk, Semen"]
[Black "Vainbaum , Moisei"]
[Result "1-0"]
[WhiteElo "2324"]
[BlackElo "2159"]
[EventDate "2026.04.07"]
[PlyCount "117"]

1.e4 c5 2.Nf3 d6 3.d4 cxd4 4.Nxd4 Nf6 5.Nc3 a6 6.Be2 e5 7.Nb3 Be7 8.O-O 
O-O 9.Be3 Be6 10.Bf3 Nbd7 11.a4 Nb6 12.Bxb6 Qxb6 13.a5 Qc7 14.Nd5 Nxd5 15.
exd5 Bf5 16.c3 b5 17.axb6 Qxb6 18.Ra2 a5 19.Nd2 Rfb8 20.Nc4 Qc7 21.Ne3 Bg6
22.Qa4 f5 23.Be2 f4 24.Nc4 f3 25.gxf3 Rf8 26.Qc6 Qd8 27.Rfa1 Bh4 28.Qxd6 
Qg5+ 29.Kh1 Bxf2 30.Rf1 Qh4 31.b3 Bg3 32.Bd1 Bd3 33.Rg1 Bf4 34.Qe6+ Kh8 
35.Nxe5 Bf5 36.Nf7+ Rxf7 37.Qxf7 Bg6 38.Qd7 Be3 39.Rg3 Qf6 40.Qc6 Qd8 41.
c4 Rb8 42.Re2 Bd4 43.Rxg6 hxg6 44.Qxg6 Qf6 45.Qh5+ Kg8 46.Bc2 Bc5 47.Bh7+ 
Kf8 48.Re5 Qh6 49.Qf5+ Qf6 50.Qe4 g6 51.Bxg6 Kg7 52.Bh7 Qh6 53.Qg4+ Kh8 
54.Rg5 Be7 55.Rg8+ Kxh7 56.Rxb8 Qc1+ 57.Qg1 Qf4 58.Qg8+ Kh6 59.Qh8+ 1-0

[Event "26th EUR-ch"]
[Site "Katowice POL"]
[Date "2026.04.12"]
[Round "5.169"]
[White "Dovgaliuk, Oleksandr"]
[Black "Luba, Lukasz"]
[Result "1-0"]
[WhiteElo "2309"]
[BlackElo "2138"]
[EventDate "2026.04.07"]
[PlyCount "65"]

1.e4 c6 2.d4 d5 3.e5 Bf5 4.h4 h5 5.Bd3 Bg4 6.Ne2 Nh6 7.f3 Bd7 8.c3 c5 9.
Bg5 Nc6 10.Qd2 Qa5 11.a3 c4 12.Bc2 O-O-O 13.Nf4 Be8 14.O-O Ng8 15.a4 Kb8 
16.e6 Rd6 17.exf7 Bxf7 18.Na3 Nf6 19.Nb5 Rd8 20.Ng6 Bxg6 21.Bf4+ e5 22.
dxe5 Qb6+ 23.Kh1 Ne4 24.fxe4 dxe4 25.e6+ Kc8 26.Qe1 Rd3 27.Bxd3 cxd3 28.
Qg3 Qd8 29.Bc7 Qe8 30.Bb6 Qe7 31.Bc5 Qd8 32.Bxf8 e3 33.Nd6+ 1-0

[Event "26th EUR-ch"]
[Site "Katowice POL"]
[Date "2026.04.12"]
[Round "5.170"]
[White "Tsaknakis, Zisis"]
[Black "Kyparissopoulos, Spyridon"]
[Result "1/2-1/2"]
[WhiteElo "2307"]
[BlackElo "2133"]
[EventDate "2026.04.07"]
[PlyCount "64"]

1.e4 e6 2.d4 d5 3.Nc3 Bb4 4.e5 c5 5.a3 Bxc3+ 6.bxc3 Ne7 7.Qg4 Qc7 8.Qxg7 
Rg8 9.Qxh7 cxd4 10.Ne2 Nbc6 11.f4 dxc3 12.Nxc3 Nd4 13.Qd3 Nef5 14.Bb2 Bd7 
15.O-O-O Rc8 16.Kb1 b5 17.Rd2 b4 18.axb4 a5 19.Nxd5 exd5 20.Bxd4 Nxd4 21.
Qxd4 axb4 22.Qxd5 b3 23.Bc4 bxc2+ 24.Kc1 Bf5 25.e6 fxe6 26.Re1 Kf8 27.Rxe6
Bxe6 28.Qxe6 Qxc4 29.Qf5+ Ke8 30.Qd7+ Kf8 31.Qf5+ Ke8 32.Qd7+ Kf8 1/2-1/2

[Event "26th EUR-ch"]
[Site "Katowice POL"]
[Date "2026.04.12"]
[Round "5.171"]
[White "Fruebing, Stefan"]
[Black "Tudoroiu, Razvan-Catalin"]
[Result "1-0"]
[WhiteElo "2304"]
[BlackElo "2122"]
[EventDate "2026.04.07"]
[PlyCount "111"]

1.e4 e6 2.d4 d5 3.Nd2 c5 4.exd5 Qxd5 5.Ngf3 cxd4 6.Bc4 Qd6 7.O-O Nf6 8.Nb3
Nc6 9.Nbxd4 a6 10.Nxc6 Qxc6 11.Bb3 Qc7 12.Qd4 Bc5 13.Qh4 O-O 14.Bf4 Bd6 
15.Bxd6 Qxd6 16.Rad1 Qc7 17.Rfe1 Bd7 18.Ne5 Rad8 19.c3 Bc8 20.f4 Rxd1 21.
Rxd1 Rd8 22.Qf2 Rxd1+ 23.Bxd1 Nd7 24.Qd4 Qc5 25.Qxc5 Nxc5 26.Bc2 f6 27.Nc4
Bd7 28.b4 Na4 29.Bxa4 Bxa4 30.Na5 b6 31.Nc4 b5 32.Na5 Kf7 33.Nb7 e5 34.
fxe5 fxe5 35.Nc5 Bc2 36.Kf2 Ke7 37.Nxa6 Kd6 38.Nc5 Kd5 39.Ke3 Kc4 40.Kd2 
Bb1 41.a4 bxa4 42.Nxa4 Be4 43.g3 Bc6 44.Nb2+ Kb3 45.Nd1 e4 46.Ne3 g6 47.
Nc2 Bd7 48.Nd4+ Kc4 49.b5 Bc8 50.Nc6 Kc5 51.Ke3 Bb7 52.c4 Ba8 53.Nd8 h6 
54.h3 Kb6 55.Kd4 Kc7 56.Nf7 1-0

[Event "26th EUR-ch"]
[Site "Katowice POL"]
[Date "2026.04.12"]
[Round "5.172"]
[White "Sliwicka, Alicja"]
[Black "Vegh, Endre"]
[Result "1-0"]
[WhiteElo "2293"]
[BlackElo "2121"]
[EventDate "2026.04.07"]
[PlyCount "107"]

1.e4 c5 2.Nf3 a6 3.d4 cxd4 4.Be2 d6 5.Qxd4 Nc6 6.Qe3 g6 7.O-O Bg7 8.Nc3 
Nf6 9.h3 O-O 10.Nd5 Nd7 11.Rd1 Nc5 12.c3 b5 13.b3 Bb7 14.Ba3 Nd7 15.Rac1 
Qa5 16.Bb4 Nxb4 17.cxb4 Qd8 18.Rc2 e6 19.Nc3 Nf6 20.Rcd2 d5 21.exd5 Nxd5 
22.Nxd5 Bxd5 23.Bc4 bxc4 24.bxc4 Qb8 25.cxd5 exd5 26.Qb3 Ra7 27.Rxd5 Rb7 
28.a3 Rc7 29.Qa4 Rc3 30.Qxa6 Qf4 31.R5d3 Rc2 32.Qd6 Qf5 33.Qd5 Qf4 34.Qd6 
Qf5 35.a4 h6 36.b5 Ra2 37.b6 Rxa4 38.Qd7 Qxd7 39.Rxd7 Rb4 40.b7 Bf6 41.Rc1
Kg7 42.g4 Rb2 43.Kg2 Bg5 44.Nxg5 hxg5 45.Rc3 Rb8 46.Rf3 Rf8 47.Kf1 Rb1+ 
48.Ke2 Rb2+ 49.Kd1 Rb1+ 50.Kc2 Rb6 51.Rc7 Rb5 52.Rb3 Rxb3 53.Kxb3 Rb8 54.
Kc4 1-0

[Event "26th EUR-ch"]
[Site "Katowice POL"]
[Date "2026.04.12"]
[Round "5.173"]
[White "Bubalovic, Davorin"]
[Black "Niezhentsev, Kyrylo"]
[Result "1/2-1/2"]
[WhiteElo "2087"]
[BlackElo "2293"]
[EventDate "2026.04.07"]
[PlyCount "67"]

1.e4 c5 2.Nf3 a6 3.Nc3 e6 4.d4 cxd4 5.Nxd4 b5 6.Bd3 Bb7 7.O-O Nc6 8.Nxc6 
Bxc6 9.Be3 d6 10.a3 Nf6 11.Qe2 Be7 12.Rad1 Qc7 13.f4 O-O 14.Bd2 e5 15.Kh1 
Rad8 16.fxe5 dxe5 17.Rf2 a5 18.b4 axb4 19.axb4 Bxb4 20.Nd5 Nxd5 21.exd5 
Bxd2 22.dxc6 Bf4 23.Bxb5 Rxd1+ 24.Qxd1 Qb6 25.Qe2 Rd8 26.Rf1 Rd2 27.Qc4 
Rd4 28.Qe2 Qc5 29.c4 Bg5 30.Qh5 Bf6 31.Qf5 Rd8 32.h3 Qe7 33.Ba6 e4 34.c7 
1/2-1/2

[Event "26th EUR-ch"]
[Site "Katowice POL"]
[Date "2026.04.12"]
[Round "5.174"]
[White "Durucay, Uygar"]
[Black "Lorenz, Roger"]
[Result "1-0"]
[WhiteElo "2286"]
[BlackElo "2118"]
[EventDate "2026.04.07"]
[PlyCount "75"]

1.d4 Nf6 2.Nf3 d5 3.Bf4 c5 4.e3 Nc6 5.Nbd2 cxd4 6.exd4 Qb6 7.Nb3 Bf5 8.c3 
h6 9.a4 a6 10.a5 Qd8 11.Nc5 Qc8 12.Bd3 Bxd3 13.Qxd3 e6 14.Na4 Nd7 15.b4 
Be7 16.O-O O-O 17.Rfe1 Na7 18.Nd2 Re8 19.Re3 Nb5 20.Rg3 Kh8 21.Qf3 Nd6 22.
Rh3 Nf5 23.Nf1 Qd8 24.Ne3 Nh4 25.Qg3 Rc8 26.Ng4 Nf5 27.Qd3 Bg5 28.Be5 f6 
29.Bg3 Nxg3 30.hxg3 e5 31.Qf5 Qc7 32.Rf1 Qc6 33.f4 exf4 34.gxf4 Qxa4 35.
fxg5 Re2 36.gxf6 Qc2 37.fxg7+ Kxg7 38.Qf7+ 1-0

[Event "26th EUR-ch"]
[Site "Katowice POL"]
[Date "2026.04.12"]
[Round "5.175"]
[White "Gajdzica, Maciej"]
[Black "Ilko-Toth, Andras"]
[Result "1/2-1/2"]
[WhiteElo "2110"]
[BlackElo "2283"]
[EventDate "2026.04.07"]
[PlyCount "47"]

1.e4 c6 2.d4 d5 3.Nc3 dxe4 4.Nxe4 Nf6 5.Nxf6+ exf6 6.Nf3 Bd6 7.Bd3 O-O 8.
O-O Bg4 9.h3 Bh5 10.Bf5 Re8 11.Qd3 Bg6 12.Nh4 Nd7 13.Bd2 Nf8 14.Rfe1 Qc7 
15.c4 c5 16.d5 Nd7 17.Qc2 Nb6 18.a4 Be5 19.Kh1 Rad8 20.a5 Nc8 21.Nxg6 hxg6
22.Bxc8 Qxc8 23.Bc3 Bd6 24.Qa4 1/2-1/2

[Event "26th EUR-ch"]
[Site "Katowice POL"]
[Date "2026.04.12"]
[Round "5.176"]
[White "Martirosyan, David"]
[Black "Marzano, Carlo"]
[Result "1-0"]
[WhiteElo "2281"]
[BlackElo "2108"]
[EventDate "2026.04.07"]
[PlyCount "119"]

1.e4 d5 2.exd5 Qxd5 3.Nc3 Qa5 4.d4 Nf6 5.Bd2 Bg4 6.f3 Bd7 7.Bd3 e6 8.Nge2 
Qb6 9.Bf4 c5 10.Be3 Nc6 11.dxc5 Bxc5 12.Bxc5 Qxc5 13.Qd2 Ne5 14.O-O-O O-O 
15.Qf4 Rfd8 16.Kb1 Bc6 17.Nc1 Nxd3 18.Nxd3 Qa5 19.Ne5 Be8 20.Nc4 Qc5 21.
Rhe1 Nd5 22.Nxd5 Rxd5 23.Rxd5 Qxd5 24.b3 Rd8 25.Qc7 Qd7 26.Qc5 b6 27.Qa3 
f6 28.f4 Bf7 29.Qb4 Qc7 30.g3 h6 31.a4 Rd5 32.Kb2 Rd4 33.Qc3 Qc5 34.Na3 
Qxc3+ 35.Kxc3 Rd7 36.Re2 Kf8 37.Kb4 Ke7 38.Kb5 Kd8 39.Ka6 Kc8 40.h4 Kb8 
41.a5 bxa5 42.Kxa5 e5 43.fxe5 Rd5+ 44.Kb4 fxe5 45.Nc4 Rd4 46.Rxe5 Bxc4 47.
bxc4 Rg4 48.Re3 h5 49.Re5 Rxg3 50.Rxh5 Rh3 51.Kc5 g5 52.Rh8+ Kb7 53.Rh7+ 
Kb8 54.h5 g4 55.Kc6 a5 56.Kb6 Kc8 57.c5 Rc3 58.c6 Kd8 59.c7+ Ke8 60.Rh8+ 
1-0

[Event "26th EUR-ch"]
[Site "Katowice POL"]
[Date "2026.04.12"]
[Round "5.177"]
[White "Bognar, Csaba"]
[Black "Filindash, Nikita"]
[Result "0-1"]
[WhiteElo "2057"]
[BlackElo "2279"]
[EventDate "2026.04.07"]
[PlyCount "202"]

1.d4 d5 2.Nf3 Nf6 3.g3 c5 4.Bg2 cxd4 5.O-O e6 6.b3 Be7 7.Bb2 O-O 8.Nbd2 
Qc7 9.Nxd4 e5 10.Nb5 Qb6 11.a4 a6 12.Na3 Nc6 13.c4 d4 14.Nc2 Bf5 15.e4 Bg4
16.Bf3 Bh3 17.Bg2 Bg4 18.Bf3 Be6 19.Ne1 Nd7 20.Nd3 Nc5 21.Nxc5 Bxc5 22.Bg4
Bxg4 23.Qxg4 a5 24.Rab1 Qc7 25.f4 f6 26.Nf3 Qe7 27.Nh4 Kh8 28.Nf5 Qd7 29.
Ne3 Qxg4 30.Nxg4 Rae8 31.fxe5 Nxe5 32.Nxe5 Rxe5 33.Rf5 b6 34.Rxe5 fxe5 35.
Rf1 Rxf1+ 36.Kxf1 Kg8 37.Ke2 Kf7 38.Bc1 Bb4 39.Bg5 Ke8 40.Kd3 h6 41.Bc1 
Kf7 42.Ke2 Kg6 43.h3 Kh5 44.Bb2 g5 45.Bc1 Bf8 46.Bb2 g4 47.h4 Bb4 48.Bc1 
Kg6 49.Bb2 h5 50.Bc1 Kf7 51.Bh6 Ke6 52.Bg5 Kd6 53.Bd8 Bc5 54.Kd3 Kd7 55.
Bf6 Bd6 56.Bg7 Ke6 57.Bh6 Bb4 58.Ke2 Kd7 59.Bg7 Ke6 60.Bh6 Bc3 61.Bg5 Bb4 
62.Bd8 Bc5 63.Kd3 Kd7 64.Bf6 Bd6 65.Bg5 Be7 66.Bh6 Bb4 67.Ke2 d3+ 68.Kxd3 
Be1 69.Be3 Kc6 70.Bg5 Bxg3 71.Ke2 Bf4 72.Bf6 Bh2 73.Kf2 Kc5 74.Be7+ Kc6 
75.Bf6 Bf4 76.Ke2 Bg3 77.Ke3 Kd7 78.Ke2 Kd6 79.Bd8 Kc5 80.Ke3 Be1 81.Be7+ 
Kc6 82.Ke2 Bc3 83.Bf6 Kd6 84.Bd8 Bd4 85.Bf6 Ke6 86.Bg5 Bc5 87.Bd8 Kd7 88.
Bf6 Bd6 89.Bg5 Be7 90.Be3 Bxh4 91.Bxb6 Bd8 92.Be3 h4 93.Kf2 Kc6 94.Kg2 h3+
95.Kg3 Bh4+ 96.Kh2 Be1 97.Ba7 Bd2 98.Bb8 Bf4+ 99.Kh1 Kb6 100.Bd6 g3 101.
c5+ Kc6 0-1

[Event "26th EUR-ch"]
[Site "Katowice POL"]
[Date "2026.04.12"]
[Round "5.178"]
[White "Jarocka, Liwia"]
[Black "Alpaslan, Utku"]
[Result "1-0"]
[WhiteElo "2272"]
[BlackElo "2104"]
[EventDate "2026.04.07"]
[PlyCount "97"]

1.c4 Nf6 2.Nf3 e6 3.g3 d5 4.Bg2 Bd6 5.d4 Nc6 6.O-O dxc4 7.Nbd2 Qe7 8.Nxc4 
O-O 9.a3 Nd7 10.Qc2 e5 11.dxe5 Ndxe5 12.Nxd6 Nxf3+ 13.Bxf3 cxd6 14.Rd1 Ne5
15.Bg2 Bg4 16.Qe4 Qf6 17.Bf4 Bh5 18.Rd2 Rfe8 19.Qxb7 Nc4 20.Rc2 Rab8 21.
Qd5 Ne5 22.Rd1 g5 23.Be3 Bg6 24.Rcd2 Re6 25.Bxa7 Rbe8 26.Bd4 Qe7 27.Bc3 g4
28.a4 h5 29.Bxe5 Rxe5 30.Qxd6 Qxd6 31.Rxd6 Bc2 32.R1d2 Rxe2 33.Bc6 Rxd2 
34.Rxd2 Re1+ 35.Kg2 Bb3 36.h3 Bc4 37.hxg4 hxg4 38.b4 Bf1+ 39.Kh2 Re6 40.
Bg2 Bc4 41.b5 Rh6+ 42.Kg1 Re6 43.Rb2 Re1+ 44.Kh2 Re8 45.Rb4 Be2 46.Re4 
Rxe4 47.Bxe4 Bd1 48.a5 Be2 49.b6 1-0